RICS rural land market survey Great Britain (Record no. 104608)
[ view plain ]
| 000 -LEADER | |
|---|---|
| fixed length control field | 01236cab a2200217 4500 |
| 001 - CONTROL NUMBER | |
| control field | ##L130978 |
| 008 - FIXED-LENGTH DATA ELEMENTS--GENERAL INFORMATION | |
| fixed length control field | 050404n2003 000 0 eng u |
| 035 ## - SYSTEM CONTROL NUMBER | |
| System control number | (Sirsi) u130978 |
| 041 0# - LANGUAGE CODE | |
| Language code of text/sound track or separate title | eng |
| 050 04 - LIBRARY OF CONGRESS CALL NUMBER | |
| Classification number | 630.142 $2 18 |
| 110 2# - MAIN ENTRY--CORPORATE NAME | |
| Corporate name or jurisdiction name as entry element | Royal Institution of Chartered Surveyors |
| Subordinate unit | Policy Unit |
| 9 (RLIN) | 4169 |
| 245 ## - TITLE STATEMENT | |
| Title | RICS rural land market survey Great Britain |
| Remainder of title | fourth quarter 2002 |
| 260 ## - PUBLICATION, DISTRIBUTION, ETC. | |
| Place of publication, distribution, etc. | London |
| Name of publisher, distributor, etc. | RICS |
| Date of publication, distribution, etc. | 2003 |
| 490 ## - SERIES STATEMENT | |
| Series statement | RICS Rural Land Market Survey Great Britain |
| Volume/sequential designation | Fourth Quarter 2002 |
| 520 ## - SUMMARY, ETC. | |
| Summary, etc. | Shows impact of foot and mouth disease on prices continuing. Land supplies are tight and prices remain high; the average price of farmland for the last three months of 2001 was £7 483 per hectare. Average values are now 15.8% up on the same period last year. Many chartered surveyors report a shortage of available land, as an earlier expectation that more land would be available has not been realised. |
| 650 24 - SUBJECT ADDED ENTRY--TOPICAL TERM | |
| Topical term or geographic name entry element | RICS RURAL LAND MARKET SURVEY GREAT BRITAIN |
| 650 24 - SUBJECT ADDED ENTRY--TOPICAL TERM | |
| Topical term or geographic name entry element | FOOT-AND-MOUTH DISEASE |
| 690 ## - LOCAL SUBJECT ADDED ENTRY--TOPICAL TERM (OCLC, RLIN) | |
| Topical term or geographic name as entry element | PROPERTY-RURAL AND NATURAL ASSETS |
| 856 ## - ELECTRONIC LOCATION AND ACCESS | |
| Uniform Resource Identifier | <a href="https://www.rics.org/profession-standards/knowledge-and-information-services/document-delivery-and-o">https://www.rics.org/profession-standards/knowledge-and-information-services/document-delivery-and-o</a> |
| Public note | email [email protected] to request a copy |
| 942 ## - ADDED ENTRY ELEMENTS (KOHA) | |
| Suppress in OPAC | 0 |
| Withdrawn status | Lost status | Source of classification or shelving scheme | Damaged status | Not for loan | Home library | Current library | Shelving location | Date acquired | Total Checkouts | Full call number | Barcode | Date last seen | Copy number | Price effective from | Koha item type |
|---|---|---|---|---|---|---|---|---|---|---|---|---|---|---|---|
| Dewey Decimal Classification | Virtual | Virtual | Online | 20/09/2005 | ONLINE PUBLICATION | 130978-1001 | 06/08/2019 | 1 | 06/08/2019 | Book |